| 000 -LEADER |
| fixed length control field |
00551nam a2200181Ia 4500 |
| 003 - CONTROL NUMBER IDENTIFIER |
| control field |
OSt |
| 005 - DATE AND TIME OF LATEST TRANSACTION |
| control field |
20250827103850.0 |
| 008 - FIXED-LENGTH DATA ELEMENTS--GENERAL INFORMATION |
| fixed length control field |
250310s9999||||xx |||||||||||||| ||und|| |
| 040 ## - CATALOGING SOURCE |
| Transcribing agency |
. |
| 082 ## - DEWEY DECIMAL CLASSIFICATION NUMBER |
| Classification number |
621.3 |
| Item number |
T398 |
| 100 ## - MAIN ENTRY--PERSONAL NAME |
| 9 (RLIN) |
40 |
| Personal name |
Theraja, B. L. |
| 245 #0 - TITLE STATEMENT |
| Title |
A Textbook of Electrical technology in S.I. units / |
| Statement of responsibility, etc. |
by B. L. Theraja |
| 260 ## - PUBLICATION, DISTRIBUTION, ETC. |
| Place of publication, distribution, etc. |
New Delhi : |
| Name of publisher, distributor, etc. |
Publication Division of Nirja Construction and Development, |
| Date of publication, distribution, etc. |
1982. |
| 300 ## - PHYSICAL DESCRIPTION |
| Extent |
1604 p. |
| 650 #0 - SUBJECT ADDED ENTRY--TOPICAL TERM |
| 9 (RLIN) |
2749 |
| Topical term or geographic name entry element |
Electrical technology |
|
| 9 (RLIN) |
11 |
| Topical term or geographic name entry element |
Electrical Engineering |
| 942 ## - ADDED ENTRY ELEMENTS (KOHA) |
| Koha item type |
Books |
| Source of classification or shelving scheme |
|